[Event "Mumbai Aurionpro GM op"]
[Site "Mumbai"]
[Date "2025.06.22"]
[Round "7"]
[White "Sharnarthi, Viresh"]
[Black "Shourya, Paul"]
[Result "1-0"]
[WhiteElo "2236"]
[BlackElo "2022"]
[PlyCount "97"]
[EventDate "2025.06.16"]
[EventType "swiss"]
[EventRounds "9"]
[EventCountry "IND"]
[SourceTitle "CB26_2025"]
[SourceDate "2025.06.25"]
[SourceVersion "1"]
[SourceVersionDate "2025.06.25"]
[SourceQuality "1"]

1. d4 Nf6 2. Nf3 g6 3. Bg5 Bg7 4. Nbd2 d5 5. e3 0-0 6. Bd3 c5 7. c3 Nbd7 8. 0-0 b6 9. a4 Bb7 10. Qb1 Qc7 11. Bf4 Qc8 12. a5 Nh5 13. a6 Bc6 14. Ne5 Nxe5 15. Bxe5 Bxe5 16. dxe5 f6 17. Nf3 Qe6 18. exf6 exf6 19. b4 d4 20. cxd4 Bxf3 21. gxf3 cxd4 22. Qa2 Qxa2 23. Rxa2 Rfd8 24. Rd2 dxe3 25. fxe3 Kf8 26. Rfd1 f5 27. Bb5 Rxd2 28. Rxd2 Nf6 29. e4 fxe4 30. fxe4 Rc8 31. e5 Ne8 32. Kg2 Nc7 33. Rc2 Ke7 34. Be2 Kd8 35. Bg4 Rb8 36. b5 Nxb5 37. Rd2+ Kc7 38. Rd5 Nc3 39. Rd7+ Kc6 40. Rd3 Nb5 41. Bd7+ Kc5 42. e6 Nd6 43. Rc3+ Kd5 44. Rc7 b5 45. Rxa7 b4 46. e7 b3 47. Rb7 Ra8 48. Rxb3 Rxa6 49. Rd3+ 1-0

[Event "New Delhi op 21st"]
[Site "New Delhi"]
[Date "2025.06.14"]
[Round "10"]
[White "Agibileg, Uurtsaikh"]
[Black "Sharnarthi, Viresh"]
[Result "1-0"]
[WhiteElo "2384"]
[BlackElo "2236"]
[PlyCount "71"]
[EventDate "2025.06.07"]
[EventType "swiss"]
[EventRounds "10"]
[EventCountry "IND"]
[SourceTitle "CB26_2025"]
[SourceDate "2025.06.25"]
[SourceVersion "1"]
[SourceVersionDate "2025.06.25"]
[SourceQuality "1"]

1. d4 Nf6 2. c4 g6 3. Nc3 Bg7 4. e4 d6 5. Be2 0-0 6. Nf3 e5 7. 0-0 Nbd7 8. Be3 Qe7 9. d5 Nc5 10. Nd2 a5 11. b3 Kh8 12. a3 Ng8 13. b4 Na6 14. c5 Bh6 15. Bxh6 Nxh6 16. c6 b6 17. Nc4 f5 18. f4 Rb8 19. fxe5 b5 20. exd6 Qg7 21. Nxb5 Rxb5 22. d7 axb4 23. dxc8Q Rxc8 24. Nd6 cxd6 25. Bxb5 Nc5 26. axb4 Nxe4 27. Ra3 Ng4 28. Qa1 Ngf6 29. Ra8 Rxa8 30. Qxa8+ Ng8 31. Qa1 Nc3 32. c7 Qd4+ 33. Kh1 Ne7 34. Rc1 Nxb5 35. Qxd4+ Nxd4 36. Re1 1-0

[Event "New Delhi op 21st"]
[Site "New Delhi"]
[Date "2025.06.13"]
[Round "9"]
[White "Aronyak, Ghosh"]
[Black "Sharnarthi, Viresh"]
[Result "1-0"]
[WhiteElo "2510"]
[BlackElo "2236"]
[PlyCount "81"]
[EventDate "2025.06.07"]
[EventType "swiss"]
[EventRounds "10"]
[EventCountry "IND"]
[SourceTitle "CB26_2025"]
[SourceDate "2025.06.25"]
[SourceVersion "1"]
[SourceVersionDate "2025.06.25"]
[SourceQuality "1"]

1. d4 Nf6 2. c4 g6 3. g3 Bg7 4. Bg2 0-0 5. Nf3 d6 6. Nc3 Nc6 7. Bf4 Bg4 8. d5 Bxf3 9. exf3 e5 10. dxe6 fxe6 11. 0-0 Nd7 12. Bd2 Nb6 13. b3 d5 14. cxd5 exd5 15. f4 Ne7 16. h4 h5 17. Re1 Nf5 18. Bh3 Qd7 19. Kh2 Qf7 20. Rc1 c6 21. Ne2 Rfe8 22. Ng1 Rxe1 23. Bxe1 Nd6 24. Nf3 Ne4 25. Rc2 Nc8 26. Ne5 Qf6 27. f3 Ned6 28. Bc3 Nf5 29. Nxc6 d4 30. Bxd4 Qd6 31. Bxf5 Bxd4 32. Qxd4 gxf5 33. Qxd6 Nxd6 34. Rd2 bxc6 35. Rxd6 Re8 36. Rxc6 Re2+ 37. Kh3 Rxa2 38. Rc5 Ra3 39. Rxf5 Rxb3 40. Rxh5 Rxf3 41. Ra5 1-0

[Event "New Delhi op 21st"]
[Site "New Delhi"]
[Date "2025.06.12"]
[Round "8"]
[White "Sharnarthi, Viresh"]
[Black "Hari, Madhavan NB"]
[Result "1-0"]
[WhiteElo "2236"]
[BlackElo "2386"]
[PlyCount "80"]
[EventDate "2025.06.07"]
[EventType "swiss"]
[EventRounds "10"]
[EventCountry "IND"]
[SourceTitle "CB26_2025"]
[SourceDate "2025.06.25"]
[SourceVersion "1"]
[SourceVersionDate "2025.06.25"]
[SourceQuality "1"]

1. d4 d5 2. Nf3 Nf6 3. g3 Bf5 4. Bg2 e6 5. c4 c6 6. 0-0 h6 7. Nc3 Be7 8. Nd2 0-0 9. Qb3 Qb6 10. c5 Qxb3 11. Nxb3 b6 12. Bf4 Nbd7 13. cxb6 axb6 14. h3 g5 15. Be3 b5 16. g4 Bg6 17. f4 b4 18. Nb1 gxf4 19. Bxf4 h5 20. Bf3 hxg4 21. hxg4 Ra6 22. a4 bxa3 23. bxa3 c5 24. dxc5 Nxc5 25. N1d2 Nxb3 26. Nxb3 Rfa8 27. Rfc1 Bxa3 28. Rc7 Ne8 29. Rc3 Nd6 30. Rxa3 Rxa3 31. Bxd6 R3a6 32. Be5 Rf8 33. Rc7 Ra4 34. Nc5 Rc4 35. g5 Re8 36. Kf2 Rc2 37. Kg3 Rc1 38. e3 Rc2 39. Bd1 Rc1 40. Ba4 Rd8 1-0

[Event "Maharashtra op 3rd"]
[Site "Hadapsar"]
[Date "2025.04.21"]
[Round "2"]
[White "Sammed Jaykumar, Shete"]
[Black "Sharnarthi, Viresh"]
[Result "1-0"]
[WhiteElo "2391"]
[BlackElo "2232"]
[PlyCount "82"]
[EventDate "2025.04.20"]
[EventType "swiss"]
[EventRounds "10"]
[EventCountry "IND"]
[SourceTitle "CB18_2025"]
[SourceDate "2025.04.30"]
[SourceVersion "1"]
[SourceVersionDate "2025.04.30"]
[SourceQuality "1"]

1. d4 Nf6 2. Nf3 g6 3. Bg5 Bg7 4. Nbd2 d5 5. e3 0-0 6. Be2 Nbd7 7. 0-0 h6 8. Bh4 Ne4 9. Nxe4 dxe4 10. Nd2 f5 11. f3 g5 12. Bc4+ Kh8 13. Bxg5 hxg5 14. fxe4 Nf6 15. exf5 g4 16. c3 Qe8 17. e4 Qh5 18. Qe2 Bh6 19. Nb3 c6 20. Nc5 b6 21. Nd3 Bd7 22. Ne5 Be8 23. g3 Kg7 24. Rae1 Rh8 25. Rf2 c5 26. dxc5 Rd8 27. Bd5 bxc5 28. c4 Bg5 29. Nd3 Kf8 30. Nxc5 Bf7 31. Bxf7 Kxf7 32. Ne6 Bh6 33. c5 Rd2 34. Qc4 Nd5 35. Nf4 Bxf4 36. Rxd2 Bxg3 37. Qxd5+ Kf8 38. Ree2 Qh4 39. f6 Bxh2+ 40. Kf1 Qh3+ 41. Rg2 Bf4 1-0

[Event "Bengaluru Namma op 2nd"]
[Site "Bengaluru"]
[Date "2025.04.16"]
[Round "8"]
[White "Sharnarthi, Viresh"]
[Black "Ayush, Sharma"]
[Result "0-1"]
[WhiteElo "2232"]
[BlackElo "2485"]
[PlyCount "120"]
[EventDate "2025.04.10"]
[EventType "swiss"]
[EventRounds "10"]
[EventCountry "IND"]
[SourceTitle "CB18_2025"]
[SourceDate "2025.04.30"]
[SourceVersion "1"]
[SourceVersionDate "2025.04.30"]
[SourceQuality "1"]

1. d4 Nf6 2. c4 e6 3. Nf3 a6 4. g3 b5 5. Bg2 Bb7 6. c5 d6 7. cxd6 Bxd6 8. 0-0 0-0 9. b3 Nbd7 10. Bb2 Rc8 11. Nbd2 c5 12. Rc1 Qe7 13. Ne5 Bxg2 14. Kxg2 Rfd8 15. e3 cxd4 16. exd4 Rxc1 17. Qxc1 Qe8 18. Ndf3 Rc8 19. Qb1 h6 20. Rc1 Nd5 21. Nd3 Rxc1 22. Qxc1 Qa8 23. Qd1 Nb4 24. Ba3 Nxd3 25. Bxd6 Qe4 26. Kf1 Nf6 27. Qe2 Nc1 28. Qxe4 Nxe4 29. Ba3 Nxa2 30. Ke2 Nec3+ 31. Kd3 Nd5 32. Bd6 f6 33. g4 Kf7 34. h4 g6 35. g5 Nab4+ 36. Kd2 fxg5 37. hxg5 h5 38. Ne5+ Kg7 39. Nd7 Nc6 40. Nc5 Kf7 41. Nxa6 Nxd4 42. b4 Nf3+ 43. Kd3 h4 44. Ke2 Nxg5 45. Nc5 Kf6 46. f4 Nf7 47. Ne4+ Kf5 48. Kf3 g5 49. fxg5 Nxg5+ 50. Nxg5 Kxg5 51. Ke4 Kg4 52. Kd4 h3 53. Bh2 Nxb4 54. Kc5 Nd3+ 55. Kxb5 Ne1 56. Kc5 Nf3 57. Kd6 Nxh2 58. Kxe6 Nf3 59. Kf7 h2 60. Kg7 h1Q 0-1

[Event "Bengaluru Namma op 2nd"]
[Site "Bengaluru"]
[Date "2025.04.13"]
[Round "6"]
[White "Neelash, Saha"]
[Black "Sharnarthi, Viresh"]
[Result "0-1"]
[WhiteElo "2460"]
[BlackElo "2232"]
[PlyCount "82"]
[EventDate "2025.04.10"]
[EventType "swiss"]
[EventRounds "10"]
[EventCountry "IND"]
[SourceTitle "CB18_2025"]
[SourceDate "2025.04.30"]
[SourceVersion "1"]
[SourceVersionDate "2025.04.30"]
[SourceQuality "1"]

1. b3 Nf6 2. Bb2 g6 3. Nf3 Bg7 4. g3 b5 5. Bg2 Bb7 6. 0-0 0-0 7. d4 d6 8. Qd3 a6 9. Nbd2 c5 10. c3 Nbd7 11. e4 e5 12. Rad1 Re8 13. d5 Bxd5 14. exd5 e4 15. Qc2 exf3 16. Nxf3 Nb6 17. Nd2 Ng4 18. h3 Ne5 19. f4 Ned7 20. Ne4 Nf6 21. Nxf6+ Qxf6 22. Rf3 Ra7 23. Qf2 Rae7 24. Bf1 h5 25. g4 hxg4 26. hxg4 g5 27. Bc1 gxf4 28. Bxf4 Qg6 29. Qh4 c4 30. bxc4 bxc4 31. g5 Re4 32. Qf2 Na4 33. Bd2 Nc5 34. Bf4 Be5 35. Bg2 Bxf4 36. Rxf4 Qxg5 37. Rxe4 Nxe4 38. Qd4 Ng3 39. Qxc4 Ne2+ 40. Kh2 Qg3+ 41. Kh1 Kg7 0-1

[Event "IND-chT 44th"]
[Site "Ahmedabad"]
[Date "2025.03.11"]
[Round "9.2"]
[White "Sharnarthi, Viresh"]
[Black "Harikrishnan, A Ra"]
[Result "1-0"]
[WhiteElo "2198"]
[BlackElo "2468"]
[PlyCount "87"]
[EventDate "2025.03.05"]
[EventType "team-swiss"]
[EventRounds "9"]
[EventCountry "IND"]
[SourceTitle "CB12_2025"]
[SourceDate "2025.03.19"]
[SourceVersion "1"]
[SourceVersionDate "2025.03.19"]
[SourceQuality "1"]
[WhiteTeam "Maharashtra"]
[BlackTeam "Airports Authority"]
[WhiteTeamCountry "IND"]
[BlackTeamCountry "IND"]

1. d4 d5 2. Nf3 c6 3. c4 Nf6 4. g3 Bf5 5. Nc3 e6 6. Qb3 Qb6 7. Nh4 Be4 8. f3 Bg6 9. Nxg6 hxg6 10. c5 Qc7 11. e4 b6 12. exd5 exd5 13. Bf4 Qd8 14. Nb5 Na6 15. Qa4 Bxc5 16. Qxa6 Bb4+ 17. Nc3 Nh5 18. Qe2+ Kf8 19. 0-0-0 Nxf4 20. gxf4 Rh4 21. Qe3 Qe8 22. Qf2 Qe7 23. Ne2 Re8 24. Kb1 a5 25. Rg1 a4 26. a3 Bd6 27. Rc1 c5 28. Nc3 Rh5 29. Bb5 Rd8 30. Rce1 Qf6 31. dxc5 bxc5 32. Bc6 d4 33. Ne4 Qxf4 34. h4 Be7 35. Rg4 Qc7 36. Bxa4 c4 37. Ng5 Bxg5 38. hxg5 Rh2 39. Qxd4 Rb8 40. Rge4 Kg8 41. R4e2 Qg3 42. Rxh2 Qxe1+ 43. Ka2 Qe6 44. Qh4 1-0

[Event "IND-chT 44th"]
[Site "Ahmedabad"]
[Date "2025.03.10"]
[Round "8.2"]
[White "Taneja, Mahir"]
[Black "Sharnarthi, Viresh"]
[Result "0-1"]
[WhiteElo "1912"]
[BlackElo "2198"]
[PlyCount "68"]
[EventDate "2025.03.05"]
[EventType "team-swiss"]
[EventRounds "9"]
[EventCountry "IND"]
[SourceTitle "CB12_2025"]
[SourceDate "2025.03.19"]
[SourceVersion "1"]
[SourceVersionDate "2025.03.19"]
[SourceQuality "1"]
[WhiteTeam "Delhi II"]
[BlackTeam "Maharashtra"]
[WhiteTeamCountry "IND"]
[BlackTeamCountry "IND"]

1. e4 d6 2. d4 Nf6 3. Nc3 Nbd7 4. Nf3 e5 5. Bc4 exd4 6. Nxd4 g6 7. 0-0 Bg7 8. f4 0-0 9. Nf3 Nb6 10. Bb3 Nfd7 11. Be3 Nc5 12. Bd4 Bxd4+ 13. Qxd4 a5 14. Nd5 Nxd5 15. Bxd5 c6 16. Bc4 b5 17. Bd3 Ne6 18. Qe3 Qf6 19. f5 gxf5 20. e5 dxe5 21. Nxe5 f4 22. Qe4 Qg7 23. Nxc6 Ra6 24. Ne7+ Kh8 25. Nxc8 Rxc8 26. Rae1 Rg8 27. Kh1 Nc5 28. Qf3 Rh6 29. Re2 Ne6 30. Ref2 Rh4 31. Be2 b4 32. h3 Ng5 33. Qd3 f3 34. Rxf3 Nxh3 0-1

[Event "IND-chT 44th"]
[Site "Ahmedabad"]
[Date "2025.03.09"]
[Round "7.2"]
[White "Sharnarthi, Viresh"]
[Black "Karan, JP."]
[Result "0-1"]
[WhiteElo "2198"]
[BlackElo "2018"]
[PlyCount "134"]
[EventDate "2025.03.05"]
[EventType "team-swiss"]
[EventRounds "9"]
[EventCountry "IND"]
[SourceTitle "CB12_2025"]
[SourceDate "2025.03.19"]
[SourceVersion "1"]
[SourceVersionDate "2025.03.19"]
[SourceQuality "1"]
[WhiteTeam "Maharashtra"]
[BlackTeam "Kerala"]
[WhiteTeamCountry "IND"]
[BlackTeamCountry "IND"]

1. Nf3 Nf6 2. b3 g6 3. Bb2 Bg7 4. g3 0-0 5. Bg2 d6 6. d4 Nbd7 7. 0-0 c6 8. c4 Qc7 9. d5 a6 10. Re1 c5 11. Nbd2 b5 12. e4 Ne5 13. Qc2 bxc4 14. Nxc4 Nxc4 15. bxc4 Rb8 16. Bc3 Ng4 17. Bxg7 Kxg7 18. Qc3+ f6 19. Nd2 Bd7 20. f4 Rb4 21. h3 Nh6 22. e5 Nf5 23. Re4 Qb6 24. g4 Nd4 25. exf6+ exf6 26. Rae1 Rb2 27. a3 Rf7 28. Kh1 Rc2 29. Qe3 Qd8 30. Qd3 Qa5 31. Rxd4 Rc3 32. Qe4 cxd4 33. Qxd4 Qxa3 34. g5 Rxh3+ 35. Kg1 Rd3 36. gxf6+ Kg8 37. Qf2 Rxf6 38. Ne4 Rf8 39. Qb6 Rb3 40. Qxd6 Qxd6 41. Nxd6 Rc3 42. Re7 Bg4 43. Rc7 Rc1+ 44. Kh2 Rxf4 45. c5 Rc2 46. Kg3 g5 47. Ne8 Kf8 48. c6 Kxe8 49. Rxh7 Rd4 50. d6 Rc3+ 51. Kh2 Rxd6 52. Rg7 Rd2 53. c7 Bf3 54. Rg8+ Kf7 55. c8Q Rxc8 56. Rxc8 Rxg2+ 57. Kh3 Bg4+ 58. Kxg2 Bxc8 59. Kg3 a5 60. Kg2 a4 61. Kg3 a3 62. Kg2 a2 63. Kg3 a1Q 64. Kg2 Qc3 65. Kh2 Qf3 66. Kg1 Bh3 67. Kh2 Qg2# 0-1

[Event "Chennai op 15th"]
[Site "Chennai"]
[Date "2025.01.02"]
[Round "1"]
[White "Shyam, Sundar M"]
[Black "Sharnarthi, Viresh"]
[Result "1/2-1/2"]
[WhiteElo "2470"]
[BlackElo "2084"]
[PlyCount "123"]
[EventDate "2025.01.02"]
[EventType "swiss"]
[EventRounds "10"]
[EventCountry "IND"]
[SourceTitle "CB03_2025"]
[SourceDate "2025.01.15"]
[SourceVersion "1"]
[SourceVersionDate "2025.01.15"]
[SourceQuality "1"]

1. d4 Nf6 2. Bg5 Ne4 3. Bf4 d5 4. Nd2 Bf5 5. e3 e6 6. Bd3 Nd7 7. Bxe4 dxe4 8. Ne2 Bg6 9. c3 Be7 10. Qb3 0-0 11. Ng3 Nf6 12. 0-0 h5 13. Bg5 Qd5 14. h4 b5 15. Rfc1 Rfb8 16. Rc2 Rb6 17. c4 bxc4 18. Qxc4 Rab8 19. b3 R8b7 20. Qe2 e5 21. Nc4 exd4 22. Nxb6 cxb6 23. exd4 b5 24. Nf1 Qxd4 25. Rd1 Qe5 26. Ne3 Kh7 27. g3 Qe6 28. Kg2 a6 29. Rcd2 Nd7 30. Bxe7 Qxe7 31. Nd5 Qc5 32. Qe3 b4 33. Nf6+ gxf6 34. Rxd7 Rb5 35. Qxc5 Rxc5 36. R7d6 Ra5 37. R1d2 Ra3 38. Rxf6 Kg7 39. Rb6 a5 40. Rb2 Bf5 41. Kf1 Be6 42. Ke2 Kf6 43. Ke3 Ke5 44. Rb5+ Kd6 45. Rc2 a4 46. Rxb4 axb3 47. axb3 Rxb3+ 48. Rxb3 Bxb3 49. Rb2 Bd5 50. Kf4 f6 51. Rb8 Ke7 52. Rh8 Bf7 53. Kf5 Be6+ 54. Kxe4 Bf7 55. Kf5 Be6+ 56. Kg6 Bg4 57. Rf8 Kxf8 58. Kxf6 Ke8 59. Kg5 Kf7 60. Kf4 Kf6 61. f3 Be6 62. g4 1/2-1/2

[Event "Wch U14"]
[Site "Florianopolis"]
[Date "2024.11.02"]
[Round "5"]
[White "Rueda Rojas, Richard Alejandro"]
[Black "Sharnarthi, Viresh"]
[Result "0-1"]
[WhiteElo "2046"]
[BlackElo "2013"]
[PlyCount "62"]
[EventDate "2024.10.29"]
[EventType "swiss"]
[EventRounds "11"]
[EventCountry "BRA"]
[SourceTitle "CB45_2024"]
[Source "ChessBase"]
[SourceDate "2024.11.06"]
[SourceVersion "1"]
[SourceVersionDate "2024.11.06"]
[SourceQuality "1"]

1. d4 Nf6 2. c4 g6 3. Nf3 Bg7 4. g3 0-0 5. Bg2 d6 6. 0-0 Nc6 7. d5 Na5 8. Nfd2 c5 9. Nc3 a6 10. Qc2 e6 11. e4 exd5 12. cxd5 b5 13. Re1 Re8 14. h3 Bd7 15. Rb1 b4 16. Ne2 Bb5 17. Bf1 Rc8 18. b3 c4 19. bxc4 Nxc4 20. Rxb4 Nxd2 21. Qxd2 Nxe4 22. Qf4 Nc3 23. Nxc3 Rxe1 24. Nxb5 Be5 25. Qg5 Bf6 26. Qf4 Rcxc1 27. Nxd6 g5 28. Qxc1 Rxc1 29. Ne4 Be7 30. Rb7 Qxd5 31. Rxe7 Qd1 0-1

[Event "Wch U14"]
[Site "Florianopolis"]
[Date "2024.11.01"]
[Round "4"]
[White "Sharnarthi, Viresh"]
[Black "Johansson, Emanuel"]
[Result "1-0"]
[WhiteElo "2013"]
[BlackElo "1538"]
[PlyCount "87"]
[EventDate "2024.10.29"]
[EventType "swiss"]
[EventRounds "11"]
[EventCountry "BRA"]
[SourceTitle "CB45_2024"]
[Source "ChessBase"]
[SourceDate "2024.11.06"]
[SourceVersion "1"]
[SourceVersionDate "2024.11.06"]
[SourceQuality "1"]

1. Nf3 Nf6 2. d4 g6 3. c4 Bg7 4. g3 0-0 5. Bg2 d6 6. 0-0 Nbd7 7. Nc3 c5 8. d5 Nb6 9. Nd2 Nfd7 10. Qc2 f5 11. b3 Nf6 12. Bb2 Rb8 13. Rae1 e5 14. dxe6 Bxe6 15. e4 fxe4 16. Ncxe4 Nxe4 17. Nxe4 Bf5 18. Bxg7 Bxe4 19. Qb2 Rf7 20. Rxe4 Rxg7 21. Bh3 Nd7 22. f4 Nf6 23. Re6 Rf7 24. f5 Nh5 25. fxg6 Rxf1+ 26. Bxf1 Ng7 27. gxh7+ Kh8 28. Qf6 Qxf6 29. Rxf6 Kxh7 30. Rxd6 a6 31. Rb6 Ne8 32. Bd3+ Kg7 33. Be4 Nf6 34. Rxb7+ Rxb7 35. Bxb7 a5 36. Bf3 Nd7 37. h4 Ne5 38. Be2 Nc6 39. Bd3 Nb4 40. Bb1 Nc6 41. Kf2 Nd4 42. g4 Ne6 43. g5 Nd4 44. Ke3 1-0

[Event "Wch U14"]
[Site "Florianopolis"]
[Date "2024.10.29"]
[Round "1"]
[White "Van Meersbergen, Ettienne"]
[Black "Sharnarthi, Viresh"]
[Result "0-1"]
[WhiteElo "1590"]
[BlackElo "2013"]
[PlyCount "154"]
[EventDate "2024.10.29"]
[EventType "swiss"]
[EventRounds "11"]
[EventCountry "BRA"]
[SourceTitle "CB45_2024"]
[Source "ChessBase"]
[SourceDate "2024.11.06"]
[SourceVersion "1"]
[SourceVersionDate "2024.11.06"]
[SourceQuality "1"]

1. c4 Nf6 2. Nc3 g6 3. g3 Bg7 4. Bg2 0-0 5. e4 d6 6. Nge2 c5 7. 0-0 Nc6 8. d3 Bd7 9. h3 Nd4 10. Rb1 Bc6 11. Kh2 Nd7 12. f4 f5 13. Nxd4 cxd4 14. Ne2 a5 15. exf5 gxf5 16. Ng1 e5 17. Nf3 Qf6 18. fxe5 dxe5 19. Bg5 Qd6 20. Nd2 Qg6 21. Bxc6 bxc6 22. Nf3 e4 23. Be7 exf3 24. Bxf8 Rxf8 25. Qxf3 Ne5 26. Qe2 Qh6 27. Kg2 f4 28. Rxf4 Rxf4 29. gxf4 Qg6+ 30. Kh2 Qxd3 31. Qxd3 Nxd3 32. Kg3 Bh6 33. a3 Bxf4+ 34. Kf3 Be3 35. b4 axb4 36. axb4 Ne5+ 37. Ke2 Nxc4 38. b5 cxb5 39. Rxb5 Nd6 40. Rd5 Nf7 41. Kf3 Kg7 42. Ke4 Kf6 43. h4 Ke6 44. Ra5 Nd6+ 45. Kd3 h6 46. h5 Ne8 47. Ke4 Nf6+ 48. Kd3 Nd7 49. Ke4 Kd6 50. Ra6+ Kc5 51. Ra5+ Kb4 52. Ra8 Nc5+ 53. Kf3 Kc4 54. Rc8 Bc1 55. Ke2 d3+ 56. Kd1 Bg5 57. Rc7 Kd4 58. Ke1 Ne4 59. Rd7+ Ke3 60. Kf1 d2 61. Kg2 Nc3 62. Kh3 d1Q 63. Rxd1 Nxd1 64. Kg3 Nf2 65. Kh2 Bf4+ 66. Kg1 Kf3 67. Kf1 Ne4 68. Kg1 Kg4 69. Kg2 Ng5 70. Kf2 Kxh5 71. Kg2 Kg4 72. Kh1 h5 73. Kg2 h4 74. Kf1 h3 75. Kg1 Kf3 76. Kh1 Ne4 77. Kg1 h2+ 0-1

[Event "Asia-ch U14"]
[Site "Almaty"]
[Date "2024.06.14"]
[Round "3"]
[White "Sharnarthi, Viresh"]
[Black "Bogdanov, Artyom"]
[Result "0-1"]
[WhiteElo "2076"]
[BlackElo "2265"]
[PlyCount "80"]
[EventDate "2024.06.12"]
[EventType "swiss"]
[EventRounds "9"]
[EventCountry "KAZ"]
[SourceTitle "EXT 2025"]
[Source "ChessBase"]
[SourceDate "2024.10.14"]
[SourceVersion "1"]
[SourceVersionDate "2024.10.14"]
[SourceQuality "1"]
[WhiteTeam "IND"]
[BlackTeam "KAZ"]

1. d4 Nf6 2. c4 e6 3. g3 d5 4. Bg2 dxc4 5. Nf3 Nc6 6. Qa4 Nd7 7. Qxc4 Nb6 8. Qd3 e5 9. dxe5 Qxd3 10. exd3 Nb4 11. Kd2 Bf5 12. a3 Nxd3 13. Nh4 Nxc1 14. Kxc1 Bc8 15. f4 c6 16. Nd2 Be7 17. Nhf3 0-0 18. Re1 Rd8 19. e6 f5 20. Nb3 a5 21. Kc2 a4 22. Nbd4 Ra5 23. Rac1 Rad5 24. Kb1 Rxd4 25. Nxd4 Rxd4 26. Bxc6 bxc6 27. Rxc6 Bb7 28. Rxb6 Be4+ 29. Ka1 g6 30. Rb5 Kg7 31. Re5 Kf6 32. g4 Bd6 33. e7 Bxe7 34. gxf5 gxf5 35. Ra5 Bd6 36. Ra6 Kg6 37. Rg1+ Kh5 38. Ra7 h6 39. Rd7 Rd2 40. Ra7 Bc5 0-1

[Event "Pune op 10th"]
[Site "Pune"]
[Date "2024.05.21"]
[Round "7"]
[White "Dave, Kantilal"]
[Black "Sharnarthi, Viresh"]
[Result "0-1"]
[WhiteElo "1792"]
[BlackElo "2078"]
[PlyCount "62"]
[EventDate "2024.05.18"]
[EventType "swiss"]
[EventRounds "9"]
[EventCountry "IND"]
[SourceTitle "CBM 220 Extra"]
[Source "ChessBase"]
[SourceDate "2024.07.31"]
[SourceVersion "1"]
[SourceVersionDate "2024.07.31"]
[SourceQuality "1"]

1. Nf3 Nf6 2. e3 g6 3. b3 Bg7 4. Bb2 d6 5. d3 e5 6. Nbd2 0-0 7. c4 Ne8 8. Qc2 Nc6 9. a3 a5 10. Rc1 f5 11. Bc3 g5 12. b4 axb4 13. axb4 g4 14. Ng1 f4 15. exf4 exf4 16. b5 Nd4 17. Qb2 Ne6 18. Ne2 Nc5 19. Nd4 Qe7+ 20. Kd1 Na4 21. Qc2 Nxc3+ 22. Qxc3 f3 23. g3 d5 24. N2b3 Nd6 25. Qd2 dxc4 26. dxc4 Ne4 27. Qe3 Bxd4 28. Nxd4 Ra3 29. Nb3 Rd8+ 30. Kc2 Ra2+ 31. Kb1 Qa3 0-1

[Event "Pune op 10th"]
[Site "Pune"]
[Date "2024.05.19"]
[Round "3"]
[White "Lalitaditaayyanar, Boominathan"]
[Black "Sharnarthi, Viresh"]
[Result "1-0"]
[WhiteElo "1738"]
[BlackElo "2078"]
[PlyCount "111"]
[EventDate "2024.05.18"]
[EventType "swiss"]
[EventRounds "9"]
[EventCountry "IND"]
[SourceTitle "CBM 220 Extra"]
[Source "ChessBase"]
[SourceDate "2024.07.31"]
[SourceVersion "1"]
[SourceVersionDate "2024.07.31"]
[SourceQuality "1"]

1. Nf3 Nf6 2. g3 c5 3. c4 d5 4. Bg2 Nc6 5. cxd5 Nxd5 6. Nc3 e5 7. Nxe5 Nxc3 8. Nxc6 Nxd1 9. Nxd8 Nxf2 10. Nxf7 Nxh1 11. Nxh8 Nxg3 12. hxg3 Bd6 13. Kf2 Be6 14. Bxb7 Rb8 15. Bf3 Be5 16. d3 Kd7 17. Ng6 hxg6 18. Rb1 g5 19. b3 c4 20. dxc4 g4 21. Bd5 Rf8+ 22. Kg2 Bd4 23. e3 Bxd5+ 24. cxd5 Bb6 25. Rb2 Rc8 26. Bd2 Kd6 27. e4 Ke5 28. Bf4+ Kxe4 29. d6 Kf5 30. Re2 Bd4 31. Rd2 Bb6 32. a4 Bd8 33. Re2 Bf6 34. Be3 Ra8 35. Bc5 a6 36. Bb6 Rb8 37. a5 Rb7 38. Re8 Rd7 39. Bc7 Rf7 40. b4 Bc3 41. Re7 Rf8 42. d7 Bxb4 43. Re8 Be7 44. Rxf8+ Ke6 45. d8Q Bxd8 46. Rxd8 g5 47. Kf2 Kf6 48. Ke3 Ke6 49. Ke4 Kf7 50. Rd6 Ke7 51. Kf5 Kf7 52. Rd7+ Ke8 53. Ke6 Kf8 54. Be5 Kg8 55. Rc7 Kf8 56. Rc8# 1-0

[Event "IND-ch U13"]
[Site "Secunderabad"]
[Date "2023.12.07"]
[Round "6"]
[White "Sharnarthi, Viresh"]
[Black "Challa, Saharsha"]
[Result "1-0"]
[WhiteElo "1850"]
[BlackElo "1674"]
[PlyCount "83"]
[EventDate "2023.12.04"]
[EventType "swiss"]
[EventRounds "11"]
[EventCountry "IND"]
[SourceTitle "EXT 2025"]
[Source "ChessBase"]
[SourceDate "2024.10.14"]
[SourceVersion "1"]
[SourceVersionDate "2024.10.14"]
[SourceQuality "1"]

1. d4 d5 2. c4 Nc6 3. cxd5 Qxd5 4. Nf3 e5 5. Nc3 Bb4 6. e3 exd4 7. exd4 Nf6 8. Bd3 0-0 9. 0-0 Bxc3 10. bxc3 Re8 11. h3 Bf5 12. c4 Qd7 13. d5 Bxd3 14. Qxd3 Ne4 15. Bb2 f5 16. Rad1 Rad8 17. Rfe1 Qf7 18. Qa3 Ne7 19. Ne5 Qh5 20. f3 Nf6 21. Qxa7 Ra8 22. Qd4 Rxa2 23. d6 cxd6 24. Qxd6 Rxb2 25. Qe6+ Kf8 26. g4 fxg4 27. fxg4 Rb6 28. Qxb6 Qxh3 29. Re3 Qh6 30. Rde1 Nxg4 31. Rf3+ Kg8 32. Qxh6 Nxh6 33. Nd7 g6 34. Nf6+ Kf7 35. Nxe8+ Kxe8 36. Rb3 Nhf5 37. Rxb7 Kd8 38. c5 h5 39. Re6 h4 40. c6 g5 41. Rbxe7 Nxe7 42. c7+ 1-0